Vi sinh vật học thú y; T3

Đã lưu trong:
Sonraí Bibleagrafaíochta
Príomhúdar: Nguyễn Vĩnh Phước
Formáid: Leabhar
Teanga:Undetermined
Foilsithe: Hà nội ĐH và THCN 1978
Ábhair:
Clibeanna: Cuir Clib Leis
Gan Chlibeanna, Bí ar an gcéad duine leis an taifead seo a chlibeáil!
Thư viện lưu trữ: Trung tâm Học liệu Trường Đại học Cần Thơ
LEADER 00527nam a2200181Ia 4500
001 CTU_13962
008 210402s9999 xx 000 0 und d
082 |a 636.089601 
082 |b Ph557/T3 
100 |a Nguyễn Vĩnh Phước 
245 0 |a Vi sinh vật học thú y; T3 
245 0 |c Nguyễn Vĩnh Phước 
260 |a Hà nội 
260 |b ĐH và THCN 
260 |c 1978 
650 |a veterinary microbiology 
904 |i Minh, 961219 
980 |a Trung tâm Học liệu Trường Đại học Cần Thơ